[Event "XI. Solinger Karnevals-Open"]
[Site "Solingen"]
[Date "2020.02.22"]
[Round "3.1"]
[White "Popov, Mikhail"]
[Black "Flesch, Stefan"]
[Result "1-0"]
[WhiteElo "2421"]
[BlackElo "2046"]
[PlyCount "99"]
[EventDate "2020.02.21"]
[EventType "swiss"]
[EventRounds "5"]
[EventCountry "GER"]
[Tiebreak "Buchholz+Sum of Buchholz"]

1. e4 Nc6 2. d4 d5 3. e5 Bf5 4. c3 e6 5. Nf3 f6 6. Bb5 Qd7 7. Bf4 a6 8. Ba4 b5
9. Bc2 Bxc2 10. Qxc2 g5 11. Bg3 g4 12. Nfd2 fxe5 13. dxe5 Nh6 14. a4 b4 15. O-O
Nf5 16. Bf4 Bg7 17. Re1 h5 18. Nb3 O-O 19. Nc5 Qf7 20. Nd3 bxc3 21. bxc3 Rab8
22. Nd2 a5 23. Nb3 Nh4 24. Nd4 Nxd4 25. cxd4 Qg6 26. Rab1 Rbc8 27. Qd2 Qf5 28.
Bg5 Ng6 29. Rb3 h4 30. Nc5 Rb8 31. Rxb8 Rxb8 32. Nd7 Rb4 33. Nf6+ Kh8 34. Ne8
Bf8 35. Bh6 Rb1 36. Rxb1 Qxb1+ 37. Qc1 Qxc1+ 38. Bxc1 c5 39. dxc5 Bxc5 40. Nc7
g3 41. hxg3 hxg3 42. Nxe6 Bxf2+ 43. Kf1 Kg8 44. Bb2 Bb6 45. Ke2 Nh4 46. Nf4 Kf7
47. e6+ Ke8 48. Bf6 Nf5 49. Nxd5 Bd8 50. e7 1-0

[Event "XI. Solinger Karnevals-Open"]
[Site "Solingen"]
[Date "2020.02.22"]
[Round "3.2"]
[White "Gallasch, Robin"]
[Black "Grabowski, Pawel"]
[Result "0-1"]
[WhiteElo "2040"]
[BlackElo "2305"]
[PlyCount "162"]
[EventDate "2020.02.21"]
[EventType "swiss"]
[EventRounds "5"]
[EventCountry "GER"]
[Tiebreak "Buchholz+Sum of Buchholz"]

1. d4 Nf6 2. c4 g6 3. Nc3 Bg7 4. e4 d6 5. Nf3 O-O 6. h3 c6 7. Bg5 a6 8. Bd3 b5
9. O-O Nbd7 10. e5 Ne8 11. Re1 dxe5 12. dxe5 Nc5 13. Bc2 Qc7 14. Ne4 Ne6 15.
Bh4 Bb7 16. Bb3 Rd8 17. Qc2 Nd4 18. Nxd4 Rxd4 19. f4 Bh6 20. Bf2 Rd8 21. g3 Bc8
22. cxb5 axb5 23. Kg2 Bf5 24. Rac1 Rc8 25. g4 Bxf4 26. gxf5 Bxc1 27. Qxc1 Qxe5
28. fxg6 hxg6 29. Qh6 Qg7 30. Qxg7+ Nxg7 31. Bc5 {(=)} Nf5 32. Ng3 Nxg3 33.
Kxg3 Rfe8 34. Kg4 e6 35. Kg5 Rcd8 36. Kf6 Rd2 37. h4 Rd3 38. Be3 Rd6 39. h5 e5+
40. Kg5 gxh5 41. Rf1 Rd7 42. Kxh5 e4 43. Kg5 Kg7 44. Kf5 Rh8 45. Kxe4 Re7+ 46.
Kd3 Rh3 47. Re1 f5 48. Kd2 Rd7+ 49. Kc1 Kf6 50. Bf4 c5 51. Re6+ Kg7 52. Be5+
Kh7 53. Bd6 Rh1+ 54. Bd1 f4 55. Re7+ Rxe7 56. Bxe7 c4 57. Kd2 Kg6 58. Bc2+ Kf7
59. Bc5 Rh2+ 60. Kc3 f3 61. Bd1 Ke6 62. Bxf3 Rh3 63. Kb4 Rxf3 64. Kxb5 Kd5 65.
Bb4 Rf7 66. Bc3 Ra7 67. a3 Rb7+ 68. Ka6 Kc6 69. Ka5 Rb5+ 70. Ka4 Rb3 71. Ka5
Kc5 72. Ka6 Rb6+ 73. Ka5 Rb8 74. Ka6 Ra8+ 75. Kb7 Ra4 76. Bb4+ Kb5 77. Kc7 Ra6
78. Kd7 Ka4 79. Kc7 Kb3 80. Kb7 Ra4 81. Bc3 Rxa3 {Zeit!} 0-1

[Event "XI. Solinger Karnevals-Open"]
[Site "Solingen"]
[Date "2020.02.22"]
[Round "3.3"]
[White "Philippe, Denis-Emmanuel"]
[Black "Huhndorf, Arnold"]
[Result "0-1"]
[WhiteElo "2026"]
[BlackElo "2219"]
[PlyCount "78"]
[EventDate "2020.02.21"]
[EventType "swiss"]
[EventRounds "5"]
[EventCountry "GER"]
[Tiebreak "Buchholz+Sum of Buchholz"]

1. d4 Nf6 2. Nf3 c5 3. d5 g6 4. Nc3 Bg7 5. e4 d6 6. Bb5+ Bd7 7. a4 O-O 8. O-O
Na6 9. Re1 Bxb5 10. axb5 Nc7 11. Qd3 a6 12. Bd2 Nd7 13. Rab1 Nb6 14. bxa6 Nxa6
15. Nd1 Nc7 16. Bc3 Qd7 17. Bxg7 Kxg7 18. b4 Na4 19. Ne3 cxb4 20. Rxb4 Nc5 21.
Qd4+ f6 22. h3 Ra2 23. c4 Rfa8 24. e5 fxe5 25. Nxe5 dxe5 26. Qxc5 Na6 27. Qb6
Qd6 28. Rb2 Nc5 29. Rxa2 Rxa2 30. Ng4 e4 31. Qb4 h5 32. Qc3+ Kh7 33. Ne3 Nd3
34. Rf1 Qf4 35. Nc2 Qg5 36. Kh1 Nf4 37. Ne3 Re2 38. Rg1 Rxf2 39. Qd4 Ne2 0-1

[Event "XI. Solinger Karnevals-Open"]
[Site "Solingen"]
[Date "2020.02.22"]
[Round "3.4"]
[White "Müdder, Melanie"]
[Black "Moser, Axel"]
[Result "1/2-1/2"]
[WhiteElo "2011"]
[BlackElo "2137"]
[PlyCount "60"]
[EventDate "2020.02.21"]
[EventType "swiss"]
[EventRounds "5"]
[EventCountry "GER"]
[Tiebreak "Buchholz+Sum of Buchholz"]

1. e4 c5 2. Nf3 d6 3. d4 cxd4 4. Nxd4 Nf6 5. Nc3 a6 6. Nb3 g6 7. Be2 Bg7 8. O-O
O-O 9. Re1 Nbd7 10. Bf1 b5 11. a4 b4 12. Nd5 Bb7 13. Nxb4 Nxe4 14. a5 Nef6 15.
Nd4 e5 16. Ndc6 Qc7 17. Ne7+ Kh8 18. Ned5 Nxd5 19. Nxd5 Qc5 20. c4 f5 21. b4
Qc6 22. Bb2 Rfe8 23. Qb3 Rab8 24. Red1 Ba8 25. b5 Nc5 26. Qh3 Qd7 27. Ba3 Qf7
28. b6 Red8 29. Nc7 Bb7 30. Ra2 Ne4 1/2-1/2

[Event "XI. Solinger Karnevals-Open"]
[Site "Solingen"]
[Date "2020.02.22"]
[Round "3.5"]
[White "Kushchan, Eduard"]
[Black "Gramb, Marius"]
[Result "1/2-1/2"]
[WhiteElo "1945"]
[BlackElo "2125"]
[PlyCount "58"]
[EventDate "2020.02.21"]
[EventType "swiss"]
[EventRounds "5"]
[EventCountry "GER"]
[Tiebreak "Buchholz+Sum of Buchholz"]

1. d4 Nf6 2. c4 e6 3. Nf3 d5 4. Nc3 Bb4 5. Bg5 h6 6. Bxf6 Qxf6 7. cxd5 exd5 8.
Qb3 c5 9. e3 Nc6 10. dxc5 O-O 11. Bb5 d4 12. Bxc6 dxc3 13. Qxb4 cxb2 14. Rb1
bxc6 15. Qxb2 Qf5 16. O-O Qxc5 17. Rfc1 Qa5 18. Nd4 c5 19. Nb3 Qb6 20. Nxc5 Bf5
21. e4 Bg6 22. Qe2 Qc6 23. f3 Rfc8 24. Nd3 Qd6 25. Qe3 Qa3 26. Rxc8+ Rxc8 27.
Qd2 f6 28. Nf4 Bf7 29. Nd5 Qc5+ 1/2-1/2

[Event "XI. Solinger Karnevals-Open"]
[Site "Solingen"]
[Date "2020.02.22"]
[Round "3.6"]
[White "Gallasch, Jonas"]
[Black "Paulus, Jeffrey"]
[Result "0-1"]
[WhiteElo "2076"]
[BlackElo "1904"]
[PlyCount "130"]
[EventDate "2020.02.21"]
[EventType "swiss"]
[EventRounds "5"]
[EventCountry "GER"]
[Tiebreak "Buchholz+Sum of Buchholz"]

1. d4 Nf6 2. c4 e6 3. Nf3 b6 4. g3 Ba6 5. Qc2 Be7 6. Bg2 c6 7. O-O O-O 8. Nbd2
d5 9. b3 Nbd7 10. Bb2 Rc8 11. Rfd1 Qc7 12. e4 dxe4 13. Nxe4 Nxe4 14. Qxe4 Nf6
15. Qe1 Bb7 16. Ne5 Rfd8 17. Qe2 c5 18. Bxb7 Qxb7 19. Qf3 Qe4 20. Qxe4 Nxe4 21.
f3 Ng5 22. Kg2 f6 23. Ng4 cxd4 24. Bxd4 e5 25. Bb2 Bc5 26. Nf2 Ne6 27. Rxd8+
Rxd8 28. Rd1 Rxd1 29. Nxd1 Kf7 30. Nf2 Be3 31. Nd3 Nd4 32. Bxd4 Bxd4 33. Kf1
Ke6 34. Ke2 h5 35. Nb4 Bc5 36. Nd5 g5 37. h3 f5 38. Kd3 Bf2 39. g4 hxg4 40.
hxg4 e4+ 41. fxe4 fxg4 42. Ne3 g3 43. Ng2 Bc5 44. Ke2 g4 45. Kd2 Ke5 46. Kd3 a5
47. a4 Bf2 48. Nh4 Kf4 49. Ng2+ Ke5 50. Nh4 Bc5 51. Ng6+ Kf6 52. Nf4 Kg5 53.
Ng2 Bf2 54. Ke2 Kf6 55. Kd3 Ke6 56. Nf4+ Kd6 57. Ng2 Bg1 58. Kd2 Ke5 59. Kd3
Bc5 60. Kd2 Kxe4 61. Ke2 Kd4 62. Kd2 Bb4+ 63. Kc2 Ke4 64. Nh4 Ke3 65. Kd1 Kf2
0-1

[Event "XI. Solinger Karnevals-Open"]
[Site "Solingen"]
[Date "2020.02.22"]
[Round "3.7"]
[White "Naundorf, Maik"]
[Black "Cakir, Eren"]
[Result "1-0"]
[WhiteElo "2134"]
[BlackElo "1985"]
[PlyCount "36"]
[EventDate "2020.02.21"]
[EventType "swiss"]
[EventRounds "5"]
[EventCountry "GER"]
[Tiebreak "Buchholz+Sum of Buchholz"]

1. c4 (1. e4 Nc6 2. d4 d5 3. e5 Bf5 4. c3 e6 5. Nf3 f6 6. Bb5 Qd7 7. Bf4 a6 8.
Ba4 b5 9. Bc2 Bxc2 10. Qxc2 g5 11. Bg3 g4 12. Nfd2 fxe5 13. dxe5 Nh6 14. a4 b4
15. O-O Nf5 16. Bf4 Bg7 17. Re1 h5 18. Nb3 O-O 19. Nc5 Qf7 20. Nd3 bxc3 21.
bxc3 Rab8 22. Nd2 a5 23. Nb3 Nh4 24. Nd4 Nxd4 25. cxd4 Qg6 26. Rab1 Rbc8 27.
Qd2 Qf5 28. Bg5 Ng6 29. Rb3 h4 30. Nc5 Rb8 31. Rxb8 Rxb8 32. Nd7 Rb4 33. Nf6+
Kh8 34. Ne8 Bf8 35. Bh6 Rb1 36. Rxb1 Qxb1+ 37. Qc1 Qxc1+ 38. Bxc1 c5 39. dxc5
Bxc5 40. Nc7 g3 41. hxg3 hxg3 42. Nxe6 Bxf2+ 43. Kf1 Kg8 44. Bb2 Bb6 45. Ke2
Nh4 46. Nf4 Kf7 47. e6+ Ke8 48. Bf6 Nf5 49. Nxd5 Bd8 50. e7 {1-0 (50) Popov,M 
(2421)-Flesch,S (2046) Solingen 2020 [Fränzel,Marius]}) 1... Nf6 2. g3 c6 3.
Nf3 g6 4. b3 Bg7 5. Bb2 d6 6. Bg2 O-O 7. O-O e5 8. d3 Re8 9. Nbd2 Nbd7 10. Qc2
Nf8 11. c5 Bf5 12. cxd6 Qxd6 13. Nc4 Qc5 14. Nfxe5 Nd5 15. Nf3 Bxb2 16. Qxb2 b5
17. Nce5 Rac8 18. Rac1 Qd6 1-0

[Event "XI. Solinger Karnevals-Open"]
[Site "Solingen"]
[Date "2020.02.22"]
[Round "3.8"]
[White "Esser, Thomas"]
[Black "Altok, Mesut"]
[Result "1-0"]
[WhiteElo "2045"]
[BlackElo "1885"]
[PlyCount "47"]
[EventDate "2020.02.21"]
[EventType "swiss"]
[EventRounds "5"]
[EventCountry "GER"]
[Tiebreak "Buchholz+Sum of Buchholz"]

1. d4 Nf6 2. Nf3 d5 3. c4 e6 4. g3 a6 5. Bg2 dxc4 6. O-O Nbd7 7. Nbd2 Be7 8.
Nxc4 O-O 9. b3 c5 10. Bb2 Rb8 11. dxc5 Bxc5 12. Nd6 Qe7 13. Nxc8 Rbxc8 14. e3
Rfd8 15. Qe2 e5 16. Rfd1 Re8 17. Nd2 e4 18. Rac1 Qe6 19. Nxe4 Nxe4 20. Bxe4
Qxe4 21. Rxd7 Bb6 22. Rc4 Qb1+ 23. Kg2 Rxc4 24. Qxc4 1-0

[Event "XI. Solinger Karnevals-Open"]
[Site "Solingen"]
[Date "2020.02.22"]
[Round "3.9"]
[White "Riyadh, Ghassan"]
[Black "Thiemonds, Uli"]
[Result "1/2-1/2"]
[WhiteElo "1846"]
[BlackElo "2025"]
[PlyCount "109"]
[EventDate "2020.02.21"]
[EventType "swiss"]
[EventRounds "5"]
[EventCountry "GER"]
[Tiebreak "Buchholz+Sum of Buchholz"]

1. c4 e6 2. Nf3 d5 3. cxd5 exd5 4. d4 f5 5. Bf4 Nf6 6. a3 Bd6 7. Bxd6 Qxd6 8.
e3 O-O 9. Be2 Nbd7 10. Nbd2 b6 11. O-O Bb7 12. Qc2 Ne4 13. Rac1 Rac8 14. Qa4 a6
15. b4 c6 16. Qb3 h6 17. Nxe4 fxe4 18. Nd2 Rce8 19. f3 exf3 20. Rxf3 Rxf3 21.
Nxf3 Qe6 22. Kf2 Rf8 23. h3 Nf6 24. Bd3 g5 25. Ke2 Nh5 26. Kd2 {(=)} g4 27.
hxg4 Qxg4 28. Bf1 Ng3 29. Bd3 Kg7 30. Kc2 Bc8 31. Kb2 Bd7 32. Rc2 Be8 33. Ne5
Qe6 34. Qc3 Rf6 35. Qe1 Nf5 36. g4 Nd6 37. Rf2 Ne4 38. Rf4 Ng5 39. Bf5 Qd6 40.
Qf1 c5 41. Qxa6 cxb4 42. Qa7+ Kg8 43. a4 Kf8 44. Kb3 Kg8 45. Qb7 Kf8 46. Qc8
Ke7 47. Qb7+ Kf8 48. Qc8 Ke7 49. Rf1 Ne4 50. Qb7+ Kf8 51. Rc1 Nc3 52. Qc8 Ke7
53. Qb7+ Kf8 54. Qc8 Ke7 55. Qb7+ 1/2-1/2

[Event "XI. Solinger Karnevals-Open"]
[Site "Solingen"]
[Date "2020.02.22"]
[Round "3.10"]
[White "Müdder, Rafael"]
[Black "El Mali, Anas"]
[Result "1-0"]
[WhiteElo "1998"]
[BlackElo "1865"]
[PlyCount "59"]
[EventDate "2020.02.21"]
[EventType "swiss"]
[EventRounds "5"]
[EventCountry "GER"]
[Tiebreak "Buchholz+Sum of Buchholz"]

1. e4 d6 2. d4 Nf6 3. Nc3 g6 4. Be2 Bg7 5. h4 h5 6. Be3 c6 7. a4 Qa5 8. f3 O-O
9. Nh3 Bxh3 10. Rxh3 e5 11. Qd2 exd4 12. Bxd4 b5 13. Rd1 b4 14. Na2 Qxa4 15.
Nxb4 c5 16. Bxf6 Bxf6 17. Nd5 Nd7 18. Nxf6+ Nxf6 19. Qxd6 Qa5+ 20. Kf1 Ne8 21.
Qe7 Ng7 22. Bc4 Rae8 23. Qf6 Qb6 24. Rd6 Qb4 25. b3 Qa3 26. Rg3 Qc1+ 27. Kf2
Qxc2+ 28. Kg1 Qc1+ 29. Kh2 Qh6 30. Rxg6 1-0

[Event "XI. Solinger Karnevals-Open"]
[Site "Solingen"]
[Date "2020.02.22"]
[Round "3.11"]
[White "Vranidis, Athanassios"]
[Black "Pauls, Wilhelm"]
[Result "0-1"]
[WhiteElo "1965"]
[BlackElo "1992"]
[PlyCount "34"]
[EventDate "2020.02.21"]
[EventType "swiss"]
[EventRounds "5"]
[EventCountry "GER"]
[Tiebreak "Buchholz+Sum of Buchholz"]

1. d4 Nf6 2. c4 g6 3. Nc3 Bg7 4. e4 d6 5. f3 O-O 6. Be3 Nc6 7. Qd2 a6 8. Nge2
Re8 9. Nc1 e5 10. d5 Nd4 11. Nb3 Nxb3 12. axb3 c5 13. b4 b6 14. Bd3 Nh5 15. Ne2
f5 16. exf5 gxf5 17. Qc2 e4 0-1

[Event "XI. Solinger Karnevals-Open"]
[Site "Solingen"]
[Date "2020.02.22"]
[Round "3.12"]
[White "Marcziter, Dmitrii"]
[Black "Fränzel, Marius"]
[Result "1-0"]
[WhiteElo "2274"]
[BlackElo "1768"]
[PlyCount "79"]
[EventDate "2020.02.21"]
[EventType "swiss"]
[EventRounds "5"]
[EventCountry "GER"]
[Tiebreak "Buchholz+Sum of Buchholz"]

1. d4 d5 2. c4 c6 3. Nf3 Nf6 4. Nc3 dxc4 5. e4 b5 6. e5 Nd5 7. a4 e6 8. Be2 b4
9. Ne4 Ba6 10. Bg5 Qc7 11. O-O h6 12. Bd2 c5 13. dxc5 Nc6 14. Nd6+ Bxd6 15.
cxd6 Qb6 16. a5 Qc5 17. b3 Nd4 18. Nxd4 Qxd4 19. Bxc4 Bxc4 20. bxc4 Qxc4 21.
Qa4+ Kf8 22. Rab1 Kg8 23. Rfe1 Rb8 24. Rbc1 Qh4 25. Be3 Qd8 26. a6 Kh7 27. Bxa7
Ra8 28. Bd4 Qh4 29. Red1 Nf4 30. Qc2+ g6 31. a7 Qg5 32. Qe4 Nd5 33. h4 Qf4 34.
Qxf4 Nxf4 35. Rc7 Kg7 36. Rb7 Nd5 37. Bb2 Rhd8 38. Rxd5 exd5 39. e6+ Kg8 40. e7
1-0

[Event "XI. Solinger Karnevals-Open"]
[Site "Solingen"]
[Date "2020.02.22"]
[Round "3.13"]
[White "Neumair, Jerome"]
[Black "Prang, Andreas"]
[Result "1-0"]
[WhiteElo "2151"]
[BlackElo "1811"]
[PlyCount "63"]
[EventDate "2020.02.21"]
[EventType "swiss"]
[EventRounds "5"]
[EventCountry "GER"]
[Tiebreak "Buchholz+Sum of Buchholz"]

1. d4 Nf6 2. c4 d6 3. Nf3 Nbd7 4. Nc3 e5 5. d5 g6 6. e4 Bg7 7. h3 Nc5 8. Qc2 a5
9. Bg5 h6 10. Be3 b6 11. Nd2 Nh5 12. g3 f5 13. exf5 gxf5 14. Be2 Nf6 15. g4 Bd7
16. O-O-O Qe7 17. gxf5 Qf7 18. Rdg1 O-O-O 19. Rg3 Rdf8 20. Rhg1 Ne8 21. Nce4
Bxf5 22. Bg4 Bxg4 23. Rxg4 Nxe4 24. Nxe4 Rfg8 25. Qe2 Qf5 26. c5 dxc5 27. Qa6+
Kd7 28. d6 h5 29. dxc7 Kxc7 30. Qa7+ Kc6 31. Rg6+ Kb5 32. Qxb6+ 1-0

[Event "XI. Solinger Karnevals-Open"]
[Site "Solingen"]
[Date "2020.02.22"]
[Round "3.14"]
[White "Engels, Stefan"]
[Black "Plum, Paul"]
[Result "1-0"]
[WhiteElo "2017"]
[BlackElo "1760"]
[PlyCount "51"]
[EventDate "2020.02.21"]
[EventType "swiss"]
[EventRounds "5"]
[EventCountry "GER"]
[Tiebreak "Buchholz+Sum of Buchholz"]

1. d4 Nf6 2. c4 g6 3. Nc3 d5 4. cxd5 Nxd5 5. e4 Nxc3 6. bxc3 Bg7 7. Bc4 c5 8.
Ne2 Nc6 9. Be3 Qa5 10. O-O O-O 11. Rb1 Rd8 12. Rb5 Qc7 13. Rxc5 b6 14. Rd5 Re8
15. Rg5 h5 16. Rxg6 e6 17. Rg5 Na5 18. Bd3 h4 19. e5 h3 20. Be4 Bb7 21. Qd3
Bxe4 22. Qxe4 hxg2 23. Qxg2 Kf8 24. Rxg7 Ke7 25. Qg5+ Kd7 26. Rxf7+ 1-0

[Event "XI. Solinger Karnevals-Open"]
[Site "Solingen"]
[Date "2020.02.22"]
[Round "3.15"]
[White "Reinhardt, Klaus"]
[Black "Prieb, Robert"]
[Result "1-0"]
[WhiteElo "1757"]
[BlackElo "1975"]
[PlyCount "107"]
[EventDate "2020.02.21"]
[EventType "swiss"]
[EventRounds "5"]
[EventCountry "GER"]
[Tiebreak "Buchholz+Sum of Buchholz"]

1. e4 c5 2. Nf3 d6 3. d3 Nf6 4. g3 e6 5. Bg2 Be7 6. O-O O-O 7. Nc3 Nc6 8. Ne1
d5 9. f4 d4 10. Ne2 e5 11. f5 b5 12. a4 Qb6 13. axb5 Qxb5 14. h3 c4 15. g4 cxd3
16. Nxd3 Nd7 17. Ng3 Nb4 18. g5 Nxd3 19. cxd3 f6 20. g6 h6 21. Qh5 Qxd3 22.
Bxh6 gxh6 23. Qxh6 Qe3+ 24. Qxe3 dxe3 25. Rfc1 Bc5 26. Kh2 Bb7 27. Bf1 Rfc8 28.
Bc4+ Kh8 29. Be6 Bc6 30. Nh5 Bf8 31. Rxc6 Rxc6 32. Bxd7 Rc2+ 33. Kg3 Bg7 34.
Kf3 e2 35. Bb5 Rxb2 36. Bxe2 a5 37. Rc1 Rb3+ 38. Kg2 Rb7 39. Rc6 a4 40. Bc4 a3
41. Kf3 Rba7 42. Ba2 Rd7 43. Nxf6 Rd2 44. Rc7 Rxa2 45. Nh5 Rh2 46. Kg3 a2 47.
Rxg7 Ra6 48. f6 a1=Q 49. Rh7+ Kg8 50. f7+ Kf8 51. Rh8+ Ke7 52. f8=Q+ Kd7 53.
Qc8+ Kd6 54. Rd8+ 1-0

[Event "XI. Solinger Karnevals-Open"]
[Site "Solingen"]
[Date "2020.02.22"]
[Round "3.16"]
[White "Runte, Dirk"]
[Black "Borkhardt, Arndt"]
[Result "0-1"]
[WhiteElo "1692"]
[BlackElo "1954"]
[PlyCount "52"]
[EventDate "2020.02.21"]
[EventType "swiss"]
[EventRounds "5"]
[EventCountry "GER"]
[Tiebreak "Buchholz+Sum of Buchholz"]

1. e4 e5 2. Nf3 Nc6 3. Bb5 Nf6 4. d3 Bc5 5. O-O d6 6. d4 exd4 7. Nxd4 Bd7 8.
Nxc6 bxc6 9. Bd3 h6 10. Nd2 O-O 11. Nb3 Bb6 12. a4 a5 13. c3 Re8 14. Nd2 d5 15.
Qc2 Qe7 16. e5 Qxe5 17. Nf3 Qh5 18. Bd2 Bg4 19. Nd4 c5 20. f3 cxd4 21. fxg4
dxc3+ 22. Kh1 Nxg4 23. Bf4 Ne3 24. Bxe3 Rxe3 25. bxc3 Rae8 26. Bh7+ Kh8 0-1

[Event "XI. Solinger Karnevals-Open"]
[Site "Solingen"]
[Date "2020.02.22"]
[Round "3.17"]
[White "Müller, Adrian"]
[Black "Zimdars, Wolfgang"]
[Result "1-0"]
[WhiteElo "1953"]
[BlackElo "1652"]
[PlyCount "95"]
[EventDate "2020.02.21"]
[EventType "swiss"]
[EventRounds "5"]
[EventCountry "GER"]
[Tiebreak "Buchholz+Sum of Buchholz"]

1. e4 c6 2. d4 d5 3. Nc3 dxe4 4. Nxe4 Bf5 5. Ng3 Bg6 6. h4 h6 7. Nf3 Nd7 8. h5
Bh7 9. Bd3 Bxd3 10. Qxd3 e6 11. Bd2 Ngf6 12. O-O-O Be7 13. Kb1 Qc7 14. Ne4 Nxe4
15. Qxe4 Nf6 16. Qe2 Bd6 17. Ne5 O-O-O 18. f4 Bxe5 19. dxe5 Nd5 20. g4 Rhe8 21.
Rhg1 Ne7 22. Be3 b6 23. a4 Rxd1+ 24. Rxd1 Rd8 25. Rxd8+ Qxd8 26. a5 Kb7 27.
axb6 axb6 28. c4 Nc8 29. Kc2 Ne7 30. b4 Nc8 31. Qf3 Kc7 32. Bf2 Qe7 33. Kc3 Qd7
34. Bd4 Ne7 35. Qf2 Nc8 36. Qc2 Qe7 37. Qf2 Qd8 {(=)} 38. Qf3 Qd7 39. f5 exf5
40. gxf5 Qe7 41. Qg3 Kb7 42. Qxg7 c5 43. bxc5 bxc5 44. Bf2 Qc7 45. Qg2+ Ka7 46.
Qd5 Qa5+ 47. Kd3 Qa3+ 48. Ke4 1-0

[Event "XI. Solinger Karnevals-Open"]
[Site "Solingen"]
[Date "2020.02.22"]
[Round "3.18"]
[White "Speck, Stefan"]
[Black "Mukovskiy, Peter"]
[Result "1/2-1/2"]
[WhiteElo "1944"]
[BlackElo "1649"]
[PlyCount "106"]
[EventDate "2020.02.21"]
[EventType "swiss"]
[EventRounds "5"]
[EventCountry "GER"]
[Tiebreak "Buchholz+Sum of Buchholz"]

1. e4 c5 2. Nf3 g6 3. d4 cxd4 4. Nxd4 Bg7 5. c4 Nc6 6. Be3 Nf6 7. Nc3 Ng4 8.
Qxg4 Nxd4 9. Qd1 e5 10. Bd3 O-O 11. Qd2 d6 12. h4 Bg4 13. Ne2 Bxe2 14. Bxe2 Rc8
15. h5 Nxe2 16. Qxe2 g5 17. h6 Bf6 18. Rh5 Kh8 19. b3 Rg8 20. Qd2 b6 21. Rd1
Be7 22. Qd5 Qd7 23. Qxe5+ f6 24. Qf5 Rcd8 25. Qxd7 Rxd7 26. Rd5 Rg6 27. Bd4 Kg8
28. Kd2 Bf8 29. e5 fxe5 30. Bxe5 Bxh6 31. Bd4 g4+ 32. Kc3 Bg7 33. Rhg5 Bxd4+
34. Kxd4 Kf7 35. Rdf5+ Ke6 36. Rxg6+ Kxf5 37. Rh6 Re7 38. Kd5 Re2 39. Rxh7 Rxa2
40. Kxd6 Kg6 41. Re7 Rxf2 42. Rxa7 Rxg2 43. b4 Rc2 44. c5 bxc5 45. bxc5 g3 46.
Ra3 g2 47. Rg3+ Kf5 48. c6 Kf4 49. Rg7 Kf3 50. c7 Rxc7 51. Kxc7 Kf2 52. Kd6
g1=Q 53. Rxg1 Kxg1 1/2-1/2

[Event "XI. Solinger Karnevals-Open"]
[Site "Solingen"]
[Date "2020.02.22"]
[Round "3.19"]
[White "Petrovic, Julijan"]
[Black "Boschek, Hans-Joachim"]
[Result "0-1"]
[WhiteElo "1592"]
[BlackElo "1938"]
[PlyCount "62"]
[EventDate "2020.02.21"]
[EventType "swiss"]
[EventRounds "5"]
[EventCountry "GER"]
[Tiebreak "Buchholz+Sum of Buchholz"]

1. e4 c5 2. Nf3 e6 3. d4 cxd4 4. Nxd4 a6 5. Bd3 Nc6 6. Nxc6 dxc6 7. O-O e5 8.
Nd2 Bd6 9. h3 Ne7 10. Re1 O-O 11. Nf3 h6 12. Be3 Ng6 13. Qd2 Qf6 14. Qe2 Be6
15. c4 c5 16. Nd2 Rfd8 17. Nb1 Nf4 18. Bxf4 exf4 19. Nc3 Be5 20. Nd5 Qg5 21.
Kh1 Qh4 22. f3 Rd6 23. Rf1 Kh8 24. Qf2 Qh5 25. Rab1 Bd4 26. Qe2 Rg8 27. b3 g5
28. e5 Rxd5 29. cxd5 Bxd5 30. Bf5 g4 31. fxg4 Qxh3# 0-1

[Event "XI. Solinger Karnevals-Open"]
[Site "Solingen"]
[Date "2020.02.22"]
[Round "3.20"]
[White "Hanke, Stefan"]
[Black "Beißel, Daniel"]
[Result "1-0"]
[WhiteElo "1929"]
[BlackElo "1630"]
[PlyCount "119"]
[EventDate "2020.02.21"]
[EventType "swiss"]
[EventRounds "5"]
[EventCountry "GER"]
[Tiebreak "Buchholz+Sum of Buchholz"]

1. d4 Nf6 2. c4 e6 3. Nf3 d5 4. Nc3 Be7 5. e3 O-O 6. Qc2 a6 7. Bd3 dxc4 8. Bxc4
b5 9. Be2 Nbd7 10. O-O c5 11. dxc5 Nxc5 12. a3 Bb7 13. b4 Nce4 14. Nxe4 Bxe4
15. Qb3 Nd5 16. Bb2 Bf6 17. Rac1 Rc8 18. Rfd1 Qe7 19. Nd2 Bg6 20. Bf3 Bxb2 21.
Qxb2 Nf6 22. Nb3 Be4 23. Bxe4 Nxe4 24. Qd4 Rxc1 25. Rxc1 Nd6 26. Qb6 Nc4 27.
Qxa6 Qg5 28. Re1 Qd5 29. Nd4 Ra8 30. Qxb5 Nxa3 31. Qc5 Rb8 32. Nc6 Qd2 33. Rc1
Ra8 34. Ne7+ Kf8 35. Ng6+ Kg8 36. Qc8+ Qd8 37. Qxd8+ Rxd8 38. Ne5 Nb5 39. Kf1
f6 40. Nc6 Rd7 41. Ke2 Rc7 42. Rc5 Nd6 43. f3 Kf7 44. Kd3 Ke8 45. e4 Rb7 46.
Kc3 Kd7 47. Kb3 e5 48. Ka4 Rb6 49. b5 Nxb5 50. Nxe5+ fxe5 51. Rxb5 Ra6+ 52. Kb3
Rg6 53. g3 Rf6 54. Rb7+ Kc6 55. Rxg7 Rxf3+ 56. Kc4 Re3 57. Rg4 Ra3 58. Rh4 Ra7
59. Rh6+ Kb7 60. Rxh7+ 1-0

[Event "XI. Solinger Karnevals-Open"]
[Site "Solingen"]
[Date "2020.02.22"]
[Round "3.21"]
[White "Liehs, Konstantin"]
[Black "Höfer, Severin Paul"]
[Result "0-1"]
[WhiteElo "1533"]
[BlackElo "1929"]
[PlyCount "92"]
[EventDate "2020.02.21"]
[EventType "swiss"]
[EventRounds "5"]
[EventCountry "GER"]
[Tiebreak "Buchholz+Sum of Buchholz"]

1. d4 d5 2. Bf4 Nf6 3. Nf3 c5 4. e3 Qb6 5. dxc5 Qxb2 6. Be5 Qb4+ 7. Qd2 Qxd2+
8. Nbxd2 Nc6 9. Bb5 Bd7 10. Bxc6 Bxc6 11. Rb1 e6 12. Bd6 Bxd6 13. cxd6 O-O 14.
c4 Rfd8 15. c5 Nd7 16. Nb3 b6 17. Nbd4 Rac8 18. cxb6 Nxb6 19. Ne5 Ba4 20. O-O
f6 21. d7 Nxd7 22. Nxd7 Bxd7 23. Rb7 e5 24. Nb3 a6 25. Rb4 Kf7 26. Rd1 Bb5 27.
a4 Rc4 28. Rxc4 Bxc4 29. Na5 Rc8 30. Rc1 Ke6 31. e4 Rc5 32. Nxc4 Rxc4 33. Rxc4
dxc4 34. Kf1 Kd6 35. Ke2 Kc5 36. Kd2 Kb4 37. a5 Kb3 38. Kc1 Kc3 39. f3 h6 40.
g3 g6 41. f4 g5 42. fxg5 fxg5 43. g4 Kd3 44. Kd1 c3 45. Kc1 c2 46. h3 Kc3 0-1

[Event "XI. Solinger Karnevals-Open"]
[Site "Solingen"]
[Date "2020.02.22"]
[Round "3.22"]
[White "Martino-Groß, Peter"]
[Black "Rösch, Felix"]
[Result "1-0"]
[WhiteElo "1923"]
[BlackElo "1602"]
[PlyCount "75"]
[EventDate "2020.02.21"]
[EventType "swiss"]
[EventRounds "5"]
[EventCountry "GER"]
[Tiebreak "Buchholz+Sum of Buchholz"]

1. Nf3 Nf6 2. c4 e6 3. g3 d5 4. b3 b6 5. Bg2 Bb7 6. Bb2 Be7 7. O-O O-O 8. cxd5
exd5 9. d3 c5 10. Nbd2 Re8 11. d4 Qc7 12. Rc1 Nbd7 13. dxc5 bxc5 14. e3 Rac8
15. Re1 Bd6 16. Rc2 Ne5 17. Nxe5 Bxe5 18. Bxe5 Rxe5 19. Qc1 Qb6 20. Nf3 Ree8
21. Bh3 Rc7 22. Rd1 Qc6 23. Nd4 Qb6 24. Bg2 Rec8 25. Ne2 h6 {(=)} 26. Nc3 Rd8
27. Na4 Qb4 28. Rxc5 Rxc5 29. Qxc5 Qg4 30. Qd4 Qxd4 31. exd4 Re8 32. Bf3 Ne4
33. Nc5 Nxc5 34. dxc5 Re5 35. b4 Bc6 36. Kg2 Kf8 37. Rd3 Ke7 38. Ra3 1-0

[Event "XI. Solinger Karnevals-Open"]
[Site "Solingen"]
[Date "2020.02.22"]
[Round "3.23"]
[White "Liehs, Karl"]
[Black "Kuhn, Andreas"]
[Result "1/2-1/2"]
[WhiteElo "1421"]
[BlackElo "1922"]
[PlyCount "62"]
[EventDate "2020.02.21"]
[EventType "swiss"]
[EventRounds "5"]
[EventCountry "GER"]
[Tiebreak "Buchholz+Sum of Buchholz"]

1. c4 c5 2. g3 g6 3. Bg2 Bg7 4. Nc3 Nc6 5. d3 d6 6. e4 e6 7. Nge2 Nge7 8. O-O
b6 9. Rb1 Bb7 10. Bf4 h6 11. a3 O-O 12. Qc1 Kh7 13. b4 g5 14. Be3 e5 15. b5 Nd4
16. Bxd4 exd4 17. Nd5 Nxd5 18. exd5 Bc8 19. f4 Bf5 20. Qd2 g4 21. Be4 Qf6 22.
Rbe1 {(=)} Rae8 23. Nc1 Qg6 24. Bxf5 Qxf5 25. Rxe8 Rxe8 26. Re1 Re3 27. Re2 Qd7
28. Rxe3 dxe3 29. Qg2 f5 30. Qc2 Qe7 31. Ne2 Qd7 1/2-1/2